000 00677nam a2200241Ia 4500
003 OSt
005 20220926021510.0
006 a|||||r|||| 00| 0
007 ta
008 220923b |||||||| |||| 00| 0 eng d
037 _cGeneral Book
040 _aRTL
_cRTL
_beng
041 _2eng
_aeng
082 _aX:77.1,dN65r, M4
110 _aUnited Nations Development Programme
_929056
245 0 _aAnnual report
260 _aNew York
_bUNDP
_c1984
300 _avp.
_ccm.
650 _aEconomic Development
_917300
700 _aUnited Nations Development Programme
_929057
942 _hX:77.1,dN65r, M4
_cGB
_2CC
999 _c636929
_d636929